Культура и интеллигенция России. Личности. Творчество. Интеллектуальные диалоги в эпохи политических модернизаций (Запись № 4760968)

Подробности
000 -МАРКЕР
контрольное поле 03208nam0a2200433 i 4500
001 - ИДЕНТИФИКАТОР ЗАПИСИ
контрольное поле RU\NLR\bibl\2076416
005 - ИДЕНТИФИКАТОР ВЕРСИИ
контрольное поле 20260408110803.0
010 ## - МЕЖДУНАРОДНЫЙ СТАНДАРТНЫЙ НОМЕР КНИГИ (ISBN)
Номер (ISBN) 9785777915108
Тираж 150
021 ## - НОМЕР ГОСУДАРСТВЕННОЙ РЕГИСТРАЦИИ
Код страны Российская Федерация
Номер 2013-65933
Номер Листа государственной регистраци 4511
035 ## - ДРУГИЕ СИСТЕМНЫЕ НОМЕРА
Идентификатор записи (nilc)RuMoRGB-006635382
035 ## - ДРУГИЕ СИСТЕМНЫЕ НОМЕРА
Идентификатор записи (NLR Aleph) 002071561
100 ## - ДАННЫЕ ОБЩЕЙ ОБРАБОТКИ
Данные общей обработки 20130819d2012 u y0rusy50 ca
101 0# - ЯЗЫК РЕСУРСА
Язык текста, звукозаписи и т.д. русский
102 ## - СТРАНА ПУБЛИКАЦИИ ИЛИ ПРОИЗВОДСТВА
Страна публикации Российская Федерация
105 ## - ПОЛЕ КОДИРОВАННЫХ ДАННЫХ: ТЕКСТОВЫЕ МАТЕРИАЛЫ, МОНОГРАФИЧЕСКИЕ
Кодированные данные о монографическом текстовом документе y zzzz|||||
200 1# - ЗАГЛАВИЕ И СВЕДЕНИЯ ОБ ОТВЕТСТВЕННОСТИ
Основное заглавие Культура и интеллигенция России. Личности. Творчество. Интеллектуальные диалоги в эпохи политических модернизаций
Сведения, относящиеся к заглавию материалы VIII всероссийской научной конференции с международным участием в рамках программы подготовки к 300-летию Омска и празднования юбилейных событий российской истории (Омск, 16-18 октября 2012 г.)
Первые сведения об ответственности [редкол.: ...О. В. Петренко, В. Г. Рыженко (отв. редакторы) и др.]
210 ## - ПУБЛИКАЦИЯ, РАСПРОСТРАНЕНИЕ И ДР.
Место издания, распространения и т.д. Омск
Имя издателя, распространителя и т. д. Изд-во Омского гос. ун-та
Дата издания, распространения и т.д. 2012
215 ## - ФИЗИЧЕСКАЯ ХАРАКТЕРИСТИКА
Специфическое обозначение материала и объем 487 с.
Другие сведения о физической характеристике портр., табл.
Размеры 21
300 ## - ОБЩИЕ ПРИМЕЧАНИЯ
Текст примечания В надзаг.: М-во образования и науки Российской Федерации, Федер. гос. бюдж. образоват. учреждение высш. проф. образования Ом. гос. ун-т им. Ф.М. Достоевского, Сиб. фил. Рос. ин-та культурологии МК РФ, Ом. фил. ин-та археологии и этнографии СО РАН [и др.]
320 ## - ПРИМЕЧАНИЯ О НАЛИЧИИ В ДОКУМЕНТЕ БИБЛИОГРАФИИ / УКАЗАТЕЛЯ
Текст примечания Библиогр. в подстроч. примеч.
517 1# - ДРУГИЕ ВАРИАНТЫ ЗАГЛАВИЯ
Вариант заглавия Личности. Творчество. Интеллектуальные диалоги в эпоху политических модернизаций
606 1# - НАИМЕНОВАНИЕ ТЕМЫ КАК ПРЕДМЕТ
Наименование темы Интеллигенция
Формальный подзаголовок Съезды, совещания и т.п.
Географический подзаголовок Россия
Системный номер авторитетной/нормативной записи 2118536
Идентификатор авторитетной/нормативной записи RU\NLR\auth\661279566
606 1# - НАИМЕНОВАНИЕ ТЕМЫ КАК ПРЕДМЕТ
Наименование темы Культурология
Формальный подзаголовок Съезды, совещания и т.п.
Системный номер авторитетной/нормативной записи 1437504
Идентификатор авторитетной/нормативной записи RU\NLR\auth\66607983
607 ## - ГЕОГРАФИЧЕСКОЕ НАИМЕНОВАНИЕ КАК ПРЕДМЕТ
Географическое наименование Россия
Формальный подзаголовок Съезды, совещания и т.п.
Тематический подзаголовок Культура
Системный номер авторитетной/нормативной записи 2079142
Идентификатор авторитетной/нормативной записи RU\NLR\auth\661255015
686 ## - ИНДЕКСЫ ДРУГИХ КЛАССИФИКАЦИЙ
Индекс Т3(2)0-293я431
686 ## - ИНДЕКСЫ ДРУГИХ КЛАССИФИКАЦИЙ
Индекс Т3(2)0-7я431
686 ## - ИНДЕКСЫ ДРУГИХ КЛАССИФИКАЦИЙ
Индекс Ч111я431
702 #1 - ИМЯ ЛИЦА - ВТОРИЧНАЯ ОТВЕТСТВЕННОСТЬ
Начальный элемент ввода Петренко
Часть имени, кроме начального элемента ввода О. В.
Расширение инициалов личного имени Ольга Владимировна
Код отношения Редактор
711 12 - НАИМЕНОВАНИЕ ОРГАНИЗАЦИИ - АЛЬТЕРНАТИВНАЯ ОТВЕТСТВЕННОСТЬ
Начальный элемент ввода "Культура и интеллигенция России: Личности. Творчество. Интеллектуальные диалоги в эпохи политических модернизаций", всероссийская научная конференция с международным участием
Порядковый номер временной организации и / или порядковый номер ее части 8
Место проведения временной организации Омск
Дата проведения временной организации 2012
Системный номер авторитетной/нормативной записи 380628
Идентификатор авторитетной/нормативной записи RU\NLR\AUTH\8810247486
801 #0 - ИСТОЧНИК ЗАПИСИ
Страна Российская Федерация
Организация RuMoRKP
Дата составления 20130819
Правила каталогизации RCR
801 #2 - ИСТОЧНИК ЗАПИСИ
Страна Российская Федерация
Организация РГБ
Дата составления 20130909
Правила каталогизации rcr
801 #1 - ИСТОЧНИК ЗАПИСИ
Страна Российская Федерация
Организация RuMoRKP
Дата составления 20130819
Источник данных rusmarc
801 #2 - ИСТОЧНИК ЗАПИСИ
Страна Российская Федерация
Организация NLR
Дата составления 20130927
Правила каталогизации rcr
942 ## - ДОПОЛНИТЕЛЬНЫЕ ЭЛЕМЕНТЫ ЗАПИСИ (АБИС)
Тип экземпляра АБИС Книга
980 ## - КОЛЛЕКЦИЯ
Название коллекции НБР

Нет доступных экземпляров.